Pulp Fiction - separated Quiz Stats

Quiz not verified by Sporcle

Challenge
Share
Tweet
http://www.technologytell.com/entertainment/files/2014/10/pulpfiction1.jpg
Score 0/77 Timer 10:00
0 Plays Today
% Correct
Bunny
91.2%
25:17
91.2%
with Cheese
90.2%
Winnfield
89.2%
Wallace
89.2%
You'll Be a Woman Soon
88.2%
Vega
84.7%
English in 'What'?
84.5%
burger
84.3%
dead
83.3%
Amsterdam
83.3%
miney, moe
83.3%
Wolfe
82.4%
Kahuna Burger
82.4%
d
81.4%
anda
81.4%
strike down
81.4%
massage
81.4%
into Pepsi
80.4%
Coolidge
79.4%
Preacher Man
79.4%
Force Five
78.4%
Rabbit Slim's
77.5%
Situation
76.5%
and furious anger
76.5%
Villalobos
75.5%
Holly
75.5%
-amundo
75.5%
Watch
74.5%
The Gimp
74.5%
Boogie
74.5%
wood
74.5%
filthy animals
73.6%
vengeance
73.5%
Koons
72.5%
the Naverone
71.6%
of evil men
71.6%
of Seagulls
70.6%
ck
70.6%
% Correct
Medieval
70.6%
Dimmick
69.6%
impediment
68.6%
silence
68.1%
uel
67.6%
Motherf*cker
66.7%
sleepin'
66.7%
and a blow torch
66.7%
ienne
65.7%
hillbilly boy
64.7%
tt
63.7%
cloud
62.7%
Beach
62.7%
Coolidge
62.5%
man
61.8%
on the Wall
61.8%
Rockamora
61.8%
aside
61.1%
taste good
59.7%
per
58.8%
Rocky Horror
58.8%
ellus
57.8%
Kung Fu
56.9%
o
54.9%
of skull
53.9%
happy?
53.9%
nard
49%
Jewish?
48.6%
kin
48%
ana
46.1%
TNT
46.1%
Brute
44.1%
privileges
42.2%
philosophy
42.2%
Joe
42.2%
Rider
40.2%
ocki
32.4%
Dave
21.6%

You're not logged in!

Compare scores with friends on all Sporcle quizzes.
Sign Up with Email
OR
Log In

You Might Also Like...

Show Comments

Extras

Top Quizzes Today


Score Distribution

Your Account Isn't Verified!

In order to create a playlist on Sporcle, you need to verify the email address you used during registration. Go to your Sporcle Settings to finish the process.

Report this User

Report this user for behavior that violates our Community Guidelines.

Details: